000 00690 a2200205 4500
010 _aENG-85620
020 _a8170634016
_c80.00
035 _aEN-69153
037 _bD.B.Act / Pub
082 1 4 _a500
090 _c3278
_d3278
100 1 _aJacob, A.
245 1 _aLaboratory skills science and technology
_cby A. Jacob and Mukesh Jain
_bfor class X
260 _aNew Delhi
_bArya Book Depot
_c2006 (rpr)
270 _a30, Naiwala, Karol Bagh
_bNew Delhi
_cDelhi
_e110005
_k25721221
_l25746324
300 _a131 p.
_bill
_c27.5 cm (Pbk)
700 _aJain, Mukesh
942 _adpl
_cEN
_k500 / JAC
999 _c3215
_d3215